[Event "Bucharest Firescu Memorial (Women)"]
[Site "Bucharest"]
[Date "2023.12.16"]
[Round "6"]
[White "Sava, Ana Maria"]
[Black "Maria, Lia Alexandra"]
[Result "0-1"]
[WhiteElo "1916"]
[BlackElo "1937"]
[PlyCount "52"]
[EventDate "2023.12.16"]
[EventType "tourn (rapid)"]
[EventRounds "9"]
[EventCountry "ROU"]
[SourceTitle "CB51_2023"]
[SourceDate "2023.12.20"]
[SourceVersion "1"]
[SourceVersionDate "2023.12.20"]
[SourceQuality "1"]

1. e4 c5 2. d4 cxd4 3. Qxd4 Nc6 4. Qe3 Nf6 5. Nc3 g6 6. Bd2 Bg7 7. 0-0-0 0-0 8. Bd3 a6 9. f4 d6 10. h3 Qc7 11. Nf3 e5 12. g4 exf4 13. Qxf4 Be6 14. g5 Nh5 15. Qh2 Nb4 16. Kb1 Rac8 17. a3 Nxd3 18. cxd3 Qb6 19. Rc1 d5 20. e5 d4 21. Qf2 Rfd8 22. Rhf1 Bf8 23. Na4 Qb3 24. Rxc8 Rxc8 25. Nc3 dxc3 26. Bxc3 Rxc3 0-1

[Event "Wch U16 Girls"]
[Site "Montesilvano"]
[Date "2023.11.24"]
[Round "11"]
[White "Maria, Lia Alexandra"]
[Black "Karaivanova, Petya F"]
[Result "1-0"]
[WhiteElo "1877"]
[BlackElo "1883"]
[PlyCount "63"]
[EventDate "2023.11.13"]
[EventType "swiss"]
[EventRounds "11"]
[EventCountry "ITA"]
[SourceTitle "CB48_2023"]
[SourceDate "2023.11.29"]
[SourceVersion "1"]
[SourceVersionDate "2023.11.29"]
[SourceQuality "1"]

1. d4 d5 2. c4 e6 3. Nc3 Nf6 4. cxd5 exd5 5. Bg5 Be7 6. e3 h6 7. Bh4 c6 8. Bd3 0-0 9. Nge2 Re8 10. f3 Nh5 11. Bf2 Bh4 12. g3 Bg5 13. g4 Nf6 14. f4 Nxg4 15. fxg5 Nxf2 16. Kxf2 Qxg5 17. Qd2 Bh3 18. Rag1 Qh4+ 19. Rg3 Nd7 20. Nf4 Be6 21. Qe2 Nf6 22. Ke1 Bg4 23. Qf2 c5 24. Nce2 cxd4 25. Nxd4 Qg5 26. Kd2 Qe5 27. Rhg1 g5 28. Rxg4 Nxg4 29. Rxg4 Kh8 30. Nxd5 f5 31. Qxf5 Qxh2+ 32. Ne2 1-0

[Event "Wch U16 Girls"]
[Site "Montesilvano"]
[Date "2023.11.20"]
[Round "7"]
[White "Maria, Lia Alexandra"]
[Black "Mickunaite, Agne"]
[Result "1-0"]
[WhiteElo "1877"]
[BlackElo "1673"]
[PlyCount "71"]
[EventDate "2023.11.13"]
[EventType "swiss"]
[EventRounds "11"]
[EventCountry "ITA"]
[SourceTitle "CB48_2023"]
[SourceDate "2023.11.29"]
[SourceVersion "1"]
[SourceVersionDate "2023.11.29"]
[SourceQuality "1"]

1. e4 c5 2. Nf3 Nc6 3. d4 cxd4 4. Nxd4 g6 5. c4 Bg7 6. Be3 Nf6 7. f3 0-0 8. Nc3 a6 9. Qd2 e6 10. Nc2 Qe7 11. Be2 Ne8 12. f4 Nc7 13. 0-0 d6 14. Rad1 Ne8 15. b4 f5 16. e5 dxe5 17. Bc5 Qf7 18. Bxf8 Qxf8 19. fxe5 Nxb4 20. Nxb4 Qxb4 21. Qd8 Kf7 22. Ne4 Qe7 23. Ng5+ Kf8 24. Nxh7+ Kf7 25. Ng5+ Kf8 26. Nf3 Qxd8 27. Rxd8 Ke7 28. Rfd1 Bh6 29. Kf2 g5 30. h3 Kf7 31. Nxg5+ Bxg5 32. Bh5+ Kg7 33. Rxe8 b5 34. Bf3 Rb8 35. cxb5 axb5 36. Bc6 1-0

[Event "ROM-chT (Women)"]
[Site "Eforie Nord"]
[Date "2023.09.23"]
[Round "1.4"]
[White "Marin, Alexia Iuliana"]
[Black "Maria, Lia Alexandra"]
[Result "0-1"]
[WhiteElo "1303"]
[BlackElo "1857"]
[PlyCount "100"]
[EventDate "2023.09.23"]
[EventType "team-tourn"]
[EventRounds "7"]
[EventCountry "ROU"]
[SourceTitle "EXT 2024"]
[Source "ChessBase"]
[SourceDate "2023.10.10"]
[SourceVersion "1"]
[SourceVersionDate "2023.10.10"]
[SourceQuality "1"]
[WhiteTeam "Ploiesti (W)"]
[BlackTeam "Bucharest ASE (W)"]
[WhiteTeamCountry "ROU"]
[BlackTeamCountry "ROU"]

1. d4 Nf6 2. Nf3 e6 3. e3 c5 4. b3 b6 5. Bd3 cxd4 6. exd4 Be7 7. 0-0 0-0 8. Bb2 Bb7 9. Nbd2 d6 10. c4 Nbd7 11. Re1 Qc7 12. Rc1 Rad8 13. Qc2 Rfe8 14. Re3 Nf8 15. h3 Rc8 16. Ne4 Nh5 17. Qd1 Nf4 18. Bb1 Qd7 19. Ng3 f5 20. d5 Nxh3+ 21. gxh3 f4 22. dxe6 Nxe6 23. Rxe6 Qxe6 24. Bf5 Qh6 25. Bxc8 Rxc8 26. Nf5 Qg6+ 27. Kh2 Qxf5 28. Qg1 Bf6 29. Bxf6 Qxf6 30. Qg4 Rf8 31. Re1 Bc8 32. Qg5 Qxg5 33. Nxg5 h6 34. Ne4 Bd7 35. Nxd6 Rf6 36. Rd1 Bc6 37. Nc8 Rf7 38. Nd6 Rd7 39. Rd2 Kf8 40. Kg1 Re7 41. Kf1 g5 42. Nf5 Rd7 43. Rd6 Rxd6 44. Nxd6 Bd7 45. Kg2 Ke7 46. Nb5 a5 47. Nd4 Kd6 48. Nc2 Kc5 49. a3 Bf5 50. Ne1 Kd4 0-1

[Event "World ol U16"]
[Site "Eindhoven"]
[Date "2023.08.17"]
[Round "8.5"]
[White "Maria, Lia Alexandra"]
[Black "Kaldarova, Ayaulym"]
[Result "0-1"]
[WhiteElo "1759"]
[BlackElo "1933"]
[PlyCount "138"]
[EventDate "2023.08.13"]
[EventType "team-swiss"]
[EventRounds "9"]
[EventCountry "NED"]
[SourceTitle "CBM 215 Extra"]
[Source "ChessBase"]
[SourceDate "2023.09.30"]
[SourceVersion "1"]
[SourceVersionDate "2023.09.30"]
[SourceQuality "1"]
[WhiteTeam "Romania"]
[BlackTeam "Kazakhstan II"]
[WhiteTeamCountry "ROU"]
[BlackTeamCountry "KAZ"]

1. e4 e6 2. d4 d5 3. Nc3 Bb4 4. e5 c5 5. a3 Bxc3+ 6. bxc3 Nc6 7. Qg4 g6 8. Nf3 Qa5 9. Bd2 c4 10. h4 h6 11. Be2 Bd7 12. 0-0 0-0-0 13. Rfb1 Nge7 14. Be1 Rdg8 15. Nd2 g5 16. Bxc4 gxh4 17. Qe2 dxc4 18. Nxc4 Qd5 19. Nd6+ Kd8 20. f3 h3 21. g3 Nf5 22. Nxb7+ Ke8 23. g4 Ncxd4 24. cxd4 Nxd4 25. Nd6+ Ke7 26. Bh4+ Rg5 27. Bxg5+ hxg5 28. Qe3 Nxf3+ 29. Kf2 Nxe5 30. Qxg5+ Kxd6 31. Rd1 Bc6 32. Rxd5+ Bxd5 33. Re1 Ng6 34. c4 Bxc4 35. Qd2+ Bd5 36. Qb4+ Kd7 37. Qa4+ Kd6 38. Qa6+ Ke7 39. Qxa7+ Kd6 40. Qb6+ Kd7 41. Rc1 Ke7 42. Qc7+ Kf8 43. g5 Kg7 44. Qc3+ e5 45. Qd3 Be6 46. Qe4 Rh4 47. Qb7 Rf4+ 48. Kg3 Rg4+ 49. Kf3 Rxg5 50. Rc2 Rf5+ 51. Kg3 Rg5+ 52. Kf3 Nh4+ 53. Ke3 Rg3+ 54. Kd2 h2 55. Qh1 Rg1 56. Qe4 h1Q 57. Qxe5+ Kh7 58. Qh5+ Kg7 59. Qe5+ Kg8 60. Qb8+ Kh7 61. Rc5 Qg2+ 62. Kc3 Rc1+ 63. Kd4 Qd2+ 64. Ke4 Rxc5 65. Qg3 Qd5+ 66. Ke3 Rc3+ 67. Kf2 Qd2+ 68. Kf1 Rc1+ 69. Qe1 Rxe1# 0-1

[Event "World ol U16"]
[Site "Eindhoven"]
[Date "2023.08.17"]
[Round "7.8"]
[White "Pool, Linda Maria"]
[Black "Maria, Lia Alexandra"]
[Result "0-1"]
[WhiteElo "1425"]
[BlackElo "1759"]
[PlyCount "115"]
[EventDate "2023.08.13"]
[EventType "team-swiss"]
[EventRounds "9"]
[EventCountry "NED"]
[SourceTitle "CBM 215 Extra"]
[Source "ChessBase"]
[SourceDate "2023.09.30"]
[SourceVersion "1"]
[SourceVersionDate "2023.09.30"]
[SourceQuality "1"]
[WhiteTeam "Estonia"]
[BlackTeam "Romania"]
[WhiteTeamCountry "EST"]
[BlackTeamCountry "ROU"]

1. e4 c5 2. Nf3 d6 3. c3 Nf6 4. Be2 g6 5. 0-0 Bg7 6. d3 0-0 7. Nbd2 b6 8. Re1 Bb7 9. Nf1 Nbd7 10. Ng3 Rc8 11. Bf1 Qc7 12. Bf4 e5 13. Bd2 d5 14. exd5 Nxd5 15. h4 h5 16. Qc1 Rfe8 17. Bh6 Qd8 18. Bxg7 Kxg7 19. Ne4 Nf8 20. Qg5 f6 21. Qg3 Rc6 22. Rad1 Rce6 23. a3 a5 24. Nfd2 Ne7 25. Nc4 Nf5 26. Qh2 Nd7 27. Ne3 Ne7 28. Nc4 Nb8 29. Ne3 Nbc6 30. Nc2 Nd5 31. Ne3 Nce7 32. Nxd5 Nxd5 33. Qg3 Nf4 34. Qh2 Qa8 35. Qg3 c4 36. Nd2 cxd3 37. Nc4 Qc8 38. Ne3 Rd8 39. Rd2 Red6 40. Nd1 Kh6 41. Ne3 Rg8 42. Qh2 g5 43. Rc1 Qd7 44. g3 gxh4 45. Qxh4 f5 46. Re1 Ng6 47. Qh3 Rf8 48. Bg2 e4 49. Kh2 Qf7 50. Rh1 Ne7 51. Kg1 Bc8 52. Qh4 Rg8 53. Kf1 Rg5 54. Qh2 Ng6 55. g4 f4 56. gxh5 Ne5 57. Nd1 e3 58. fxe3 0-1

[Event "World ol U16"]
[Site "Eindhoven"]
[Date "2023.08.14"]
[Round "3.2"]
[White "Maria, Lia Alexandra"]
[Black "Lu, Miaoyi"]
[Result "0-1"]
[WhiteElo "1759"]
[BlackElo "2226"]
[PlyCount "92"]
[EventDate "2023.08.13"]
[EventType "team-swiss"]
[EventRounds "9"]
[EventCountry "NED"]
[SourceTitle "CBM 215 Extra"]
[Source "ChessBase"]
[SourceDate "2023.09.30"]
[SourceVersion "1"]
[SourceVersionDate "2023.09.30"]
[SourceQuality "1"]
[WhiteTeam "Romania"]
[BlackTeam "China"]
[WhiteTeamCountry "ROU"]
[BlackTeamCountry "CHN"]

1. e4 c5 2. Nf3 e6 3. d4 cxd4 4. Nxd4 Nf6 5. Nc3 Nc6 6. Nxc6 bxc6 7. e5 Nd5 8. Ne4 Bb7 9. c4 Nb4 10. c5 Qb8 11. Nd6+ Bxd6 12. exd6 Ba6 13. Bxa6 Nxa6 14. 0-0 0-0 15. Qd4 Qb5 16. Be3 Nb4 17. Rfc1 Nd5 18. Bd2 a5 19. a4 Qb7 20. Ra3 f6 21. Rc2 Rf7 22. f4 Re8 23. Qe4 Qa7 24. Rh3 f5 25. Qe2 Nf6 26. Be1 Ne4 27. Bf2 e5 28. fxe5 Rxe5 29. Bd4 Re6 30. Re3 Rf8 31. g4 Ng5 32. h4 Nh3+ 33. Kh2 Nf4 34. Qf3 fxg4 35. Qxg4 Rg6 36. Qd1 Qb8 37. Re7 Qb3 38. Bc3 Nd5 39. h5 Rg5 40. h6 Nxe7 41. dxe7 Re8 42. hxg7 Qxa4 43. Bd4 Qb3 44. Rf2 Qg3+ 45. Kh1 Qh4+ 46. Rh2 Qe4+ 0-1

[Event "Wch U14 Girls"]
[Site "Mamaia"]
[Date "2022.09.11"]
[Round "6"]
[White "Stefan, Iulia Cristiana"]
[Black "Maria, Lia Alexandra"]
[Result "1/2-1/2"]
[WhiteElo "1680"]
[BlackElo "1854"]
[PlyCount "61"]
[EventDate "2022.09.06"]
[EventType "swiss"]
[EventRounds "11"]
[EventCountry "ROU"]
[SourceTitle "CBM 210 Extra"]
[Source "ChessBase"]
[SourceDate "2022.11.30"]
[SourceVersion "1"]
[SourceVersionDate "2022.11.30"]
[SourceQuality "1"]

1. e4 c5 2. Nc3 g6 3. g3 Bg7 4. Bg2 Nc6 5. d3 d6 6. Nh3 e6 7. 0-0 Nge7 8. Be3 Qd7 9. Qd2 h6 10. Rae1 b6 11. f4 Bb7 12. f5 gxf5 13. exf5 Nxf5 14. Rxf5 exf5 15. Bxh6+ Be5 16. Bg7 Rg8 17. Nd5 0-0-0 18. Bf6 Rdf8 19. Ng5 Rg6 20. Nh7 Re8 21. Bxe5 Rxe5 22. Nf8 Qe8 23. Rxe5 Qxe5 24. Nxg6 fxg6 25. c3 Ne7 26. Nxe7+ Qxe7 27. Bxb7+ Qxb7 28. Qe3 Qf7 29. b3 Kc7 30. d4 Kc6 31. dxc5 1/2-1/2

[Event "Miercurea Ciuc GP RO Stage 3"]
[Site "Miercurea Ciuc"]
[Date "2022.08.21"]
[Round "2"]
[White "Maria, Lia Alexandra"]
[Black "Ghimpu, Samuel Timotei"]
[Result "0-1"]
[WhiteElo "1714"]
[BlackElo "2428"]
[PlyCount "64"]
[EventDate "2022.08.20"]
[EventType "swiss"]
[EventRounds "9"]
[EventCountry "ROU"]
[SourceTitle "CBM 209 Extra"]
[Source "ChessBase"]
[SourceDate "2022.09.30"]
[SourceVersion "1"]
[SourceVersionDate "2022.09.30"]
[SourceQuality "1"]

1. d4 Nf6 2. Nf3 c5 3. d5 e6 4. Nc3 d6 5. e4 exd5 6. exd5 Be7 7. Be2 0-0 8. 0-0 Na6 9. h3 Nc7 10. Be3 b6 11. Bc4 a6 12. a4 Rb8 13. Qd3 Qd7 14. b4 b5 15. axb5 axb5 16. Nxb5 Nxb5 17. bxc5 Nc7 18. Bf4 Rd8 19. Ra7 Nfe8 20. g4 dxc5 21. Bg3 Bd6 22. Ng5 Nf6 23. f4 Bb7 24. Rb1 Qc8 25. Rb6 h6 26. Rxd6 Rxd6 27. f5 Qd8 28. Bxd6 Qxd6 29. Nxf7 Kxf7 30. Qb3 Nfxd5 31. Rxb7 Rxb7 32. Qxb7 Qg3+ 0-1

[Event "Bucharest Super Rapid op"]
[Site "Bucharest"]
[Date "2022.04.30"]
[Round "1"]
[White "Seo, Jung Min"]
[Black "Maria, Lia Alexandra"]
[Result "1-0"]
[WhiteElo "2478"]
[BlackElo "1753"]
[PlyCount "99"]
[EventDate "2022.04.30"]
[EventType "swiss (rapid)"]
[EventRounds "10"]
[EventCountry "ROU"]
[SourceTitle "CBM 208 Extra"]
[Source "ChessBase"]
[SourceDate "2022.07.31"]
[SourceVersion "1"]
[SourceVersionDate "2022.07.31"]
[SourceQuality "1"]

1. e4 c5 2. Nf3 d6 3. d4 cxd4 4. Nxd4 Nf6 5. Nc3 a6 6. h3 Nbd7 7. g4 h6 8. h4 b5 9. a3 Bb7 10. f3 g6 11. Rg1 Nb6 12. Be3 Rc8 13. Qd2 h5 14. g5 Nfd7 15. 0-0-0 Ne5 16. b3 Qc7 17. Na2 Bg7 18. Kb1 0-0 19. Be2 Rfd8 20. Qc1 Ned7 21. Bd3 d5 22. Nb4 Nc5 23. e5 Bxe5 24. f4 Bg7 25. f5 e5 26. fxe6 Re8 27. exf7+ Qxf7 28. Rgf1 Qe7 29. Rde1 a5 30. Bg1 Qd6 31. Rxe8+ Rxe8 32. Nxb5 Qe7 33. Na2 Nxd3 34. cxd3 Qe2 35. Rd1 Nd7 36. Bd4 Ne5 37. Qc2 Qf3 38. Nd6 Nc4 39. dxc4 Re2 40. Qd3 Qg2 41. Bxg7 Kxg7 42. Qc3+ Kh7 43. Nc1 Re7 44. Nxb7 Rxb7 45. Rxd5 Qe4+ 46. Qd3 Qe7 47. Rd6 Qg7 48. c5 a4 49. c6 Re7 50. Rd7 1-0

[Event "ROM-ch U14 Girls"]
[Site "Eforie Nord"]
[Date "2022.04.18"]
[Round "9"]
[White "Ferar, Cezara Maria"]
[Black "Maria, Lia Alexandra"]
[Result "1/2-1/2"]
[WhiteElo "1197"]
[BlackElo "1753"]
[PlyCount "102"]
[EventDate "2022.04.11"]
[EventType "swiss"]
[EventRounds "9"]
[EventCountry "ROU"]
[SourceTitle "EXT 2023"]
[Source "ChessBase"]
[SourceDate "2022.10.05"]
[SourceVersion "1"]
[SourceVersionDate "2022.10.05"]
[SourceQuality "1"]

1. e4 c5 2. Nf3 e6 3. d4 cxd4 4. Nxd4 a6 5. Nc3 Qc7 6. f3 Nf6 7. Be3 Be7 8. a3 b5 9. Qd2 Bb7 10. 0-0-0 0-0 11. Qf2 Rc8 12. Kb1 d5 13. exd5 Nxd5 14. Nxd5 Bxd5 15. Qd2 Nc6 16. Nxc6 Qxc6 17. Rc1 Rab8 18. Bd4 f6 19. Bc3 Rd8 20. Qe1 e5 21. Bd3 Bf7 22. Qe4 Qxe4 23. Bxe4 b4 24. axb4 Bxb4 25. Bxb4 Rxb4 26. Rcd1 Rdb8 27. b3 a5 28. Kc1 a4 29. bxa4 Rxa4 30. Kd2 g6 31. Ke3 Ra3+ 32. Rd3 Rxd3+ 33. Bxd3 Rc8 34. Rb1 Kg7 35. Rb7 f5 36. Rb5 Kf6 37. Rb6+ Kg5 38. Rb5 Kf6 39. Rb6+ Ke7 40. Rb7+ Ke6 41. Rb6+ Kd5 42. Rb5+ Rc5 43. Rb7 Ke6 44. Rb6+ Ke7 45. Rb7+ Kf6 46. Rb6+ Kg5 47. Rb7 Bg8 48. Rg7 Rc8 49. Re7 Kf6 50. Rb7 h6 51. Rb6+ Kg5 1/2-1/2

[Event "ROM-ch U14 Girls"]
[Site "Eforie Nord"]
[Date "2022.04.17"]
[Round "8"]
[White "Maria, Lia Alexandra"]
[Black "Stefan, Iulia Cristiana"]
[Result "0-1"]
[WhiteElo "1753"]
[BlackElo "1680"]
[PlyCount "68"]
[EventDate "2022.04.11"]
[EventType "swiss"]
[EventRounds "9"]
[EventCountry "ROU"]
[SourceTitle "EXT 2023"]
[Source "ChessBase"]
[SourceDate "2022.10.05"]
[SourceVersion "1"]
[SourceVersionDate "2022.10.05"]
[SourceQuality "1"]

1. e4 d6 2. d4 Nf6 3. Nc3 g6 4. Nf3 Bg7 5. Be2 0-0 6. h3 Nc6 7. 0-0 e5 8. Be3 Qe7 9. d5 Nb8 10. Qd2 Nbd7 11. b4 Ne8 12. Bg5 f6 13. Bh4 Qf7 14. Rab1 h6 15. Nh2 f5 16. f4 exf4 17. Rxf4 Ne5 18. Rff1 g5 19. Bf2 f4 20. Bd4 Qg6 21. Qd1 Nf6 22. Bxe5 dxe5 23. Qd3 h5 24. g4 fxg3 25. Qxg3 Nxe4 26. Rxf8+ Kxf8 27. Rf1+ Kg8 28. Nxe4 Qxe4 29. Bxh5 Bf5 30. Qxg5 Qd4+ 31. Rf2 Rf8 32. Ng4 Bxg4 33. Bf7+ Rxf7 34. Qd8+ Rf8 0-1

[Event "ROM-ch blitz (Women)"]
[Site "Bucharest"]
[Date "2022.03.13"]
[Round "7"]
[White "Ciolacu, Alessia Mihaela"]
[Black "Maria, Lia Alexandra"]
[Result "1-0"]
[WhiteElo "1777"]
[BlackElo "1553"]
[PlyCount "121"]
[EventDate "2022.03.13"]
[EventType "swiss (blitz)"]
[EventRounds "9"]
[EventCountry "ROU"]
[SourceTitle "EXT 2023"]
[Source "ChessBase"]
[SourceDate "2022.10.05"]
[SourceVersion "1"]
[SourceVersionDate "2022.10.05"]
[SourceQuality "1"]

1. d4 Nf6 2. Nf3 e6 3. e3 c5 4. Bd3 b6 5. 0-0 Bb7 6. c4 Be7 7. Nc3 0-0 8. d5 exd5 9. cxd5 d6 10. e4 Nbd7 11. Nd2 a6 12. a4 Ne5 13. Be2 Rc8 14. f4 Ned7 15. Qc2 Re8 16. Nc4 Bf8 17. Bf3 Qc7 18. Re1 Ba8 19. Bd2 Qb8 20. Qb3 h6 21. Be3 Rc7 22. e5 dxe5 23. fxe5 Nxe5 24. Nxe5 Rxe5 25. Bf4 Rce7 26. Rxe5 Rxe5 27. Bxe5 Qxe5 28. Qxb6 Qd4+ 29. Kh1 Qe5 30. Rd1 Bd6 31. g3 Kh7 32. Qxa6 Qe3 33. Qd3+ Qxd3 34. Rxd3 Bb7 35. Re3 Ba6 36. Ne4 Nxd5 37. Re1 Bf8 38. Nxc5 Bc4 39. Nd7 Bb4 40. Rc1 Bb3 41. Be4+ g6 42. Bxd5 Bxd5+ 43. Kg1 Kg7 44. Kf2 Be6 45. Nb6 Bb3 46. Ke3 Ba5 47. Rc6 Bb4 48. Kd4 Be7 49. Nd5 Bd8 50. Ra6 Bd1 51. a5 Be2 52. Ra8 Bg5 53. a6 Bf3 54. a7 Bd2 55. Rd8 Be1 56. a8Q Bf2+ 57. Ke5 f6+ 58. Kf4 Bxd5 59. Qxd5 g5+ 60. Kf5 Bd4 61. Qg8# 1-0

[Event "ROM-ch blitz (Women)"]
[Site "Bucharest"]
[Date "2022.03.13"]
[Round "6"]
[White "Nikanova, Ekaterina"]
[Black "Maria, Lia Alexandra"]
[Result "1/2-1/2"]
[WhiteElo "1800"]
[BlackElo "1553"]
[PlyCount "38"]
[EventDate "2022.03.13"]
[EventType "swiss (blitz)"]
[EventRounds "9"]
[EventCountry "ROU"]
[SourceTitle "EXT 2023"]
[Source "ChessBase"]
[SourceDate "2022.10.05"]
[SourceVersion "1"]
[SourceVersionDate "2022.10.05"]
[SourceQuality "1"]

1. e4 c5 2. a3 g6 3. b4 Bg7 4. Nc3 cxb4 5. axb4 d6 6. g3 Nf6 7. Bg2 0-0 8. Nge2 Nbd7 9. 0-0 a6 10. b5 Rb8 11. bxa6 bxa6 12. d4 Bb7 13. Qd3 Qc7 14. f4 e5 15. Ba3 exd4 16. Nxd4 Rfc8 17. Nce2 Nc5 18. Bxc5 dxc5 19. e5 cxd4 1/2-1/2